Music Quiz

Random Music or Lyrics Quiz

1980s Lyric Match Quiz Stats

 Plays Quiz Updated Feb 19, 2016

Challenge
Share
Tweet
Embed
Score 0/22 Timer 05:00
17 Plays Today
% Correct
Eye of the Tiger
95.8%
Don't Stop Believin'
90.9%
Thriller
82.2%
Livin' on a Prayer
80%
Sweet Child O' Mine
79.5%
We Are The World
77.1%
Bette Davis Eyes
72.9%
Down Under
71.5%
White Wedding
67.3%
Girls Just Want to Have Fun
66.8%
Ghostbusters
66.7%
% Correct
Conga
66.3%
Glory Days
63.3%
Jack and Diane
62.9%
Got My Mind Set On You
62.2%
Beat It
54.8%
Africa
53.4%
Everybody Wants to Rule the World
51.2%
Every Breath You Take
51.2%
Get Outta My Dreams, Get Into My Car
48.6%
Easy Lover
47.7%
Your Love
45%

You're not logged in!

Compare scores with friends on all Sporcle quizzes.
OR
Log In

You Might Also Like...

Show Comments

Extras

Top Quizzes Today


Score Distribution

Your Account Isn't Verified!

In order to create a playlist on Sporcle, you need to verify the email address you used during registration. Go to your Sporcle Settings to finish the process.

Report this User

Report this user for behavior that violates our Community Guidelines.

Details: